L'Egypte antique /
Un large panorama de l'art antique égyptien, de ses premières manifestations prédynastiques de Naqada jusqu'à la fin du règne d'Akhenaton et le début de la conquête romaine, selon un plan chronologique et historique. Avec des photographies provenant de tous les musées du monde....
المؤلف الرئيسي:
التنسيق: كتاب
اللغة: French
منشور في:
Paris :
Gallimard,
c2002.
الموضوعات:
الوسوم: إضافة وسم
رقم الطلب: N5350 .D335 2002
| LEADER | 01168namaa2200277 4500 | ||
|---|---|---|---|
| 001 | 17436 | ||
| 003 | OSt | ||
| 005 | 20250820093853.0 | ||
| 008 | 130303s2002 fr a 000 0 fre d | ||
| 020 | |a 2070116999 | ||
| 020 | |a 9782070116997 | ||
| 040 | |c ARCE Library | ||
| 043 | |a f-ua--- | ||
| 050 | 4 | |a N5350 .D335 2002 | |
| 100 | 1 | |a Damiano-Appia, Maurizio, |e author | |
| 240 | 1 | 0 | |a Antico Egitto. |l French. |
| 245 | 1 | 2 | |a L'Egypte antique / |c Maurizio Damiano-Appia ; [traduction française, Noëlle Damiano-Appia ; adaptation de l'édition française, Isabelle Cochet and others]. |
| 264 | 1 | |a Paris : |b Gallimard, |c c2002. | |
| 300 | |a 399, [1] pages : |b illustrations en coul., cartes en coul. ; |c 29 cm. | ||
| 520 | |a Un large panorama de l'art antique égyptien, de ses premières manifestations prédynastiques de Naqada jusqu'à la fin du règne d'Akhenaton et le début de la conquête romaine, selon un plan chronologique et historique. Avec des photographies provenant de tous les musées du monde. | ||
| 650 | 0 | |a Art, Egyptian. | |
| 651 | 0 | |a Egypt |x Antiquities. | |
| 651 | 0 | |a Egypt |x Civilization. | |
| 901 | |a reviewed | ||
| 942 | |c BK |2 lcc | ||
| 999 | |c 17609 |d 17609 | ||
